| 000 | 01587cam a2200361 i 4500 | ||
|---|---|---|---|
| 999 |
_c8243 _d8243 |
||
| 001 | 8243 | ||
| 003 | BD-JhCC | ||
| 005 | 20220804134023.0 | ||
| 008 | 180718s2010 mau b 001 0 eng | ||
| 020 | _a8120316010 | ||
| 035 | _a(BD-JhCC)8243 | ||
| 035 | _a(OCoLC)822972321 | ||
| 035 | _a(OCoLC)842387334 | ||
| 035 | _aNHCCYBP | ||
| 035 | _aNHCCYBP | ||
| 040 |
_aDLC _erda _cDLC _dYDX _dBTCTA _dYDXCP _dBWX _dSINIE _dUKMGB _dCUS _dOCLCF _dCOO _dCDX _dOCLCO _dZCU _dOCLCQ _dU9X _dCDN _dBD-JhCC |
||
| 041 | _aeng | ||
| 050 | 0 | 0 | _aQC680.G74 2013 |
| 082 | 0 | 0 |
_a537.6 _223 _bGRI 2010 |
| 100 | 1 |
_aGriffiths, David J. _q(David Jeffery), _d1942- |
|
| 245 | 1 | 0 |
_aIntroduction to electrodynamics / _cDavid J. Griffiths, Reed College. |
| 250 | _a3rd ed. | ||
| 260 |
_aNew Delhi : _bPrentice-Hall, |
||
| 300 |
_axviii, 599 pages ; _c24 cm |
||
| 504 | _aIncludes bibliographical references and index. | ||
| 505 | 0 | _aVector Analysis -- Electrostatics -- Potentials -- Electrostatic Fields in Matter -- Magnetostatics -- Magnetic Fields in Matter -- Electrodynamics -- Conservation Laws -- Electromagnetic Waves -- Potentials and Fields -- Radiation -- Electrodynamics and Relativity -- Vector Calculus in Curvilinear Coordinates -- Helmholtz Theorem. | |
| 520 | 8 | _aGriffiths presents a clear accessible coverage of the fundamentals of electrodynamics, enhanced with discussion points, examples and exercises. | |
| 650 | 0 |
_aElectrodynamics _vTextbooks. |
|
| 655 | 7 |
_aTextbooks. _2fast |
|
| 942 |
_2ddc _cBK _02 |
||
| 949 | 0 |
_aY _bPHY _cSTACK _o0 _p39080037595201 _x02 _hQC680.G74 2013 |
|